Sociálne dôsledky nedocenenia významu hospodárenia na pôde v regionálnej politike Slovenska

Analýza vplyvu hospodárenia na poľnohospodárskej a lesnej pôde podľa jej podielu v regióne na sociálnu situáciu jeho obyvateľov. Ďalšie rozhodujúce faktory vplývajúce na sociálnu situáciu. Synergia účinkov hospodárenia na pôde.

Saved in:
Bibliographic Details
Main Author: Petrášová, Viera
Other Authors: Valach, Maroš
Format: Book Chapter
Language:Slovak
Subjects:
Tags: Add Tag
No Tags, Be the first to tag this record!

MARC

LEADER 00000naa a2200000 4500
001 0167316
005 20231012083606.6
041 0 |a slo 
044 |a SK 
245 1 0 |a Sociálne dôsledky nedocenenia významu hospodárenia na pôde v regionálnej politike Slovenska  |c Viera Petrášová, Maroš Valach 
520 |a Analýza vplyvu hospodárenia na poľnohospodárskej a lesnej pôde podľa jej podielu v regióne na sociálnu situáciu jeho obyvateľov. Ďalšie rozhodujúce faktory vplývajúce na sociálnu situáciu. Synergia účinkov hospodárenia na pôde. 
610 2 0 |a Slovensko 
610 2 0 |a kraje 
610 2 0 |a nezamestnanosť 
610 2 0 |a núdza hmotná 
610 2 0 |a poľnohospodárstvo 
610 2 0 |a hospodárstvo lesné 
610 2 0 |a pôda 
610 2 0 |a situácia sociálna 
610 2 0 |a obyvateľstvo 
610 2 0 |a politika regionálna 
100 1 |a Petrášová, Viera 
700 1 |a Valach, Maroš